000 00711nam a22002417a 4500
005 20260313125011.0
008 260313b |||||||| |||| 00| 0 eng d
020 _a9788196900045
037 _cTB
040 _aLCT
_cLCT
041 _2eng
_aeng
_heng
084 _aZ2,3 Q5;R4
100 _aRattan, Jyoti
_91132004
245 _aContract Act:
_bcovering Contract-1 & Contract-2/
250 _a5th ed.
260 _aNew Delhi, India:
_bBharat Law House,
_c2024
300 _a569p.
365 _b795.00
_cINR
650 _aLaw of Contract
_9784723
650 _aSPECIFIC CONTRACTS
_9754886
650 _aLaw of Specific Relief
_9754887
942 _2CC
_cTB
_hZ2,3 Q5;R4
_n0
999 _c1715350
_d1715350